000 00791nam a2200193 4500
005 20260116153225.0
008 260109b |||||||| |||| 00| 0 eng d
020 _a9780367258184
041 _aEnglish
082 _a745.4
_bKAL
100 _aKalantidou Eleni
_9216264
245 _aIntroduction to Design Psychology
260 _aNew York
_bRoutledge
_c2025
300 _a211
365 _b3646.78
_cRs.00
520 _a1. Introduction 2. Setting the Scene for design Psychology: Where from and Where To? 3. Psychology & Design: An opportunity for Change 4. The Design Psychology of Urban Environment 5. The Design Psychology of Technological Dependence 6. The Design Psychology of Waste 7. Intentional Design Psychology : An Introduction
650 _aDesign
942 _cBK
999 _c369809
_d369809